000 00933nam a2200253Ia 4500
003 OSt
005 20221005112351.0
006 a|||||r|||| 00| 0
007 ta
008 221004b |||||||| |||| 00| 0 pan d
020 _a9789384273804 (pbk)
_cINR 450.00
024 _a44748
037 _b1053, 08/02/2019, H.K. Prakashan
_cTextual
040 _aCRL
_cCRL
_bpan
041 _2pan
_apan
082 _aV2y7L80, 153Q9
100 _aਸਿੰਘ, ਸੁਖਦਿਆਲ, ਂਚ.
245 0 _aਪੰਜ ਦਰਿਆਵਾਂ ਦਹ Fੇਰ ਮਹਾਰਾਜਾ ਰਣਜੀਤ ਸਿੰਘ
260 _aਸਮਾਣਾ
_bਸੰਗਮ ਪਬਲੀਕੇFਨਗ਼ ਭਾਰਤ
_c2019
300 _a502ਪ੍ਰ0
_ccm.
650 _aਇਤਿਹਾਸ
942 _hV2y7L80, 153Q9
_cTEXL
_2cc
999 _c1024679
_d1024679